| 000 | 00470nam a22001817a 4500 | ||
|---|---|---|---|
| 003 | MPLRDC | ||
| 005 | 20220104185536.0 | ||
| 008 | 210129b ||||| |||| 00| 0 eng d | ||
| 020 | _a986-6457-69-2 | ||
| 082 | _a220.7 WJZ-4 | ||
| 100 | _a吴九箴 | ||
| 245 |
_a烦烧城中, 尽是任性小孩 _c |
||
| 250 | _a初版二刷 | ||
| 260 |
_a台湾 _b大众国际书局股份有限公司 _c2010 |
||
| 300 | _b平 | ||
| 650 | _a佛教杂论 | ||
| 942 |
_cBK _o220.7 WJZ-4 |
||
| 999 |
_c63380 _d63370 |
||